Multi-criteria decision-making methods in manufacturing environments: Models and applications (Record no. 1237898)

MARC details
000 -LEADER
fixed length control field 00877nam a2200253Ia 4500
005 - DATE AND TIME OF LATEST TRANSACTION
control field 20250117103622.0
008 - FIXED-LENGTH DATA ELEMENTS--GENERAL INFORMATION
fixed length control field 008 250103s9999 xx 000 0 eng d
020 ## - INTERNATIONAL STANDARD BOOK NUMBER
International Standard Book Number 9781774912614
037 ## - SOURCE OF ACQUISITION
Stock number Textual
040 ## - CATALOGING SOURCE
Original cataloging agency CSL
Language of cataloging eng
Transcribing agency CSL
041 ## - LANGUAGE CODE
Language code of text/sound track or separate title eng
Source of code eng
084 ## - COLON CLASSIFICATION NUMBER
Classification number B2T0b895 R4
Assigning agency CSL
100 ## - MAIN ENTRY--PERSONAL NAME
Personal name Chakraborty, Shankar
9 (RLIN) 731972
245 #0 - TITLE STATEMENT
Title Multi-criteria decision-making methods in manufacturing environments: Models and applications
Statement of responsibility, etc. Chakraborty, Shankar
260 ## - PUBLICATION, DISTRIBUTION, ETC.
Place of publication, distribution, etc. Boca raton
Name of publisher, distributor, etc. CRC New york
Date of publication, distribution, etc. 2024
300 ## - PHYSICAL DESCRIPTION
Extent xxxii,417p. ill.
650 ## - SUBJECT ADDED ENTRY--TOPICAL TERM
Topical term or geographic name entry element Elimination et choice translating reality
9 (RLIN) 734252
650 ## - SUBJECT ADDED ENTRY--TOPICAL TERM
Topical term or geographic name entry element Modified similarity index method
9 (RLIN) 734253
650 ## - SUBJECT ADDED ENTRY--TOPICAL TERM
Topical term or geographic name entry element R method
9 (RLIN) 734254
650 ## - SUBJECT ADDED ENTRY--TOPICAL TERM
Topical term or geographic name entry element Range value
9 (RLIN) 734255
650 ## - SUBJECT ADDED ENTRY--TOPICAL TERM
Topical term or geographic name entry element Analytic hierarchy process
9 (RLIN) 734256
942 ## - ADDED ENTRY ELEMENTS (KOHA)
Koha item type Textual
Classification part B2T0b895 R4
Holdings
Withdrawn status Lost status Damaged status Not for loan Home library Current library Date acquired Source of acquisition Inventory number Total Checkouts Full call number Barcode Date last seen Price effective from Koha item type
        Central Science Library Central Science Library 2025-01-17 Global Educational Books 26, 31/01/2024   B2T0b895 R4 SL1655848 2025-01-17 2025-01-17 Textual
Copyright @ Delhi University Library System